[Event "Titled Tue 10th Jun Early"]
[Site "chess.com INT"]
[Date "2025.06.10"]
[Round "9"]
[White "Vogel, Roven"]
[Black "Pranesh, M"]
[Result "0-1"]
[WhiteTitle "GM"]
[BlackTitle "GM"]
[WhiteElo "2551"]
[BlackElo "2580"]
[WhiteFideId "12908088"]
[BlackFideId "35028600"]
[EventDate "2025.06.10"]

1. Nf3 Nc6 2. d4 e6 3. c4 Nf6 4. g3 Bb4+ 5. Bd2 Qe7 6. Nc3 O-O 7. Bg2 d5 8. Qb3
Na5 9. Qc2 Nxc4 10. Bg5 h6 11. Bh4 c5 12. a3 Ba5 13. dxc5 Qxc5 14. Bxf6 gxf6 15.
b4 Nxa3 16. Rxa3 Bxb4 17. Rb3 Bd7 18. Qb2 a5 19. O-O Rfc8 20. Na2 Ba4 21. Re3
Kg7 22. Nxb4 axb4 23. Nd4 Bd7 24. Rb3 Ra4 25. Rb1 e5 26. Nf3 Bf5 27. Rf1 d4 28.
Nh4 Be6 29. Rf3 Qc2 30. Qxc2 Rxc2 31. Nf5+ Bxf5 32. Rxf5 b3 33. f4 e4 34. Rb5
Rxe2 35. Rxb3 Raa2 36. Bh1 d3 37. Rxb7 f5 38. Rb5 Kg6 39. Rd5 h5 40. Rb1 f6 41.
Rd7 Rac2 42. Rd1 Rxh2 43. Re1 Rh3 44. Re3 Rc1+ 0-1

[Event "Titled Tue 10th Jun Early"]
[Site "chess.com INT"]
[Date "2025.06.10"]
[Round "9"]
[White "Belov, Alexei"]
[Black "Omariev, Maksim"]
[Result "0-1"]
[WhiteTitle "IM"]
[BlackTitle "FM"]
[WhiteElo "2421"]
[BlackElo "2304"]
[WhiteFideId "4128206"]
[BlackFideId "4193423"]
[EventDate "2025.06.10"]

1. e4 c5 2. Nf3 d6 3. d4 cxd4 4. Nxd4 Nf6 5. Nc3 a6 6. Be2 e6 7. O-O Be7 8. f4
O-O 9. a4 Qc7 10. Kh1 b6 11. Bf3 Bb7 12. e5 Ne8 13. Bxb7 Qxb7 14. exd6 Nxd6 15.
f5 Nxf5 16. Nxf5 exf5 17. Rxf5 Nc6 18. Bf4 Rad8 19. Rd5 Bf6 20. Qf3 Nd4 21. Qe4
Ne6 22. Rxd8 Nxd8 23. Nd5 Bxb2 24. Rb1 Ba3 25. Rxb6 Qd7 26. Rxa6 Ne6 27. Bg3 Nc5
28. Qd4 Rd8 29. Rd6 Qxd6 30. Bxd6 Ne6 31. Ne7+ Kh8 32. Qf2 Bxd6 33. Nf5 Bc5 34.
Qf1 Ra8 35. Qc4 Rb8 36. g3 Rb4 37. Qd5 Rxa4 38. Nd6 Kg8 39. Nxf7 Kxf7 0-1

[Event "Titled Tue 10th Jun Early"]
[Site "chess.com INT"]
[Date "2025.06.10"]
[Round "9"]
[White "Vedant, Nitin Vekhande"]
[Black "Simonovic, Miroslav"]
[Result "1-0"]
[WhiteTitle "CM"]
[BlackTitle "CM"]
[WhiteElo "2167"]
[BlackElo "2092"]
[WhiteFideId "45073449"]
[BlackFideId "919152"]
[EventDate "2025.06.10"]

1. e4 c5 2. Nf3 Nc6 3. Bb5 g6 4. O-O Bg7 5. c3 e5 6. d3 Nge7 7. Be3 b6 8. d4
exd4 9. cxd4 cxd4 10. Nxd4 O-O 11. Nc3 Bb7 12. f3 Nxd4 13. Bxd4 d5 14. Bxg7 Kxg7
15. Qd4+ Kg8 16. Rad1 dxe4 17. Qe5 Qc8 18. Qxe7 exf3 19. gxf3 a6 20. Bd7 Qc4 21.
Ne4 Bxe4 22. Qxe4 Qxa2 23. Rf2 Rad8 24. Rd6 Qa5 25. Rfd2 Qc5+ 26. Kg2 Qg5+ 27.
Kf2 h5 28. h4 Qc5+ 29. Qd4 Qa5 30. Qxb6 Qxb6+ 31. Rxb6 Kg7 32. Rxa6 Rb8 33. b4
Rxb4 34. Kg3 Rb7 35. Rad6 Rc7 36. Bh3 Re7 37. Rd7 Rxd7 38. Rxd7 Kf6 39. Rd6+ Ke7
40. Ra6 Rb8 41. Bf1 Rb7 42. Bc4 f6 43. Re6+ 1-0

[Event "Titled Tue 10th Jun Early"]
[Site "chess.com INT"]
[Date "2025.06.10"]
[Round "9"]
[White "Vakhlamov, Igor L."]
[Black "Samunenkov, Ihor"]
[Result "0-1"]
[WhiteTitle "FM"]
[BlackTitle "GM"]
[WhiteElo "2413"]
[BlackElo "2562"]
[WhiteFideId "24126748"]
[BlackFideId "14187086"]
[EventDate "2025.06.10"]

1. e4 c5 2. Nf3 Nc6 3. Nc3 g6 4. d4 cxd4 5. Nxd4 Bg7 6. Nxc6 bxc6 7. Bc4 d6 8.
O-O Nf6 9. e5 dxe5 10. Qxd8+ Kxd8 11. Re1 Bf5 12. Rxe5 e6 13. Re2 Nd5 14. Na4
Ke7 15. Bg5+ Kf8 16. Rd1 h6 17. Bc1 Bf6 18. h3 h5 19. Nc5 Rd8 20. Ne4 Bxe4 21.
Rxe4 Kg7 22. Ree1 a5 23. c3 a4 24. a3 Rb8 25. Bd3 Nb6 26. Bc2 Nc4 27. Rd7 Rhd8
28. Rxd8 Bxd8 29. Bxa4 Nxb2 30. Bxb2 Rxb2 31. Bxc6 Bb6 32. Rf1 h4 33. a4 f5 34.
Bb5 Kf6 35. Be8 g5 36. Bd7 e5 37. Bc6 e4 38. Bb5 Ke5 39. Bc6 g4 40. hxg4 fxg4
41. a5 Ba7 42. Kh1 Bxf2 43. Rd1 e3 44. Rd5+ Ke6 45. g3 Rb1+ 46. Kg2 Rg1+ 47. Kh2
hxg3# 0-1

[Event "Titled Tue 10th Jun Early"]
[Site "chess.com INT"]
[Date "2025.06.10"]
[Round "9"]
[White "Bukreev, Stanislav"]
[Black "Naroditsky, Daniel"]
[Result "0-1"]
[WhiteTitle "FM"]
[BlackTitle "GM"]
[WhiteElo "2305"]
[BlackElo "2619"]
[WhiteFideId "34252347"]
[BlackFideId "2026961"]
[EventDate "2025.06.10"]

1. d4 Nf6 2. c4 g6 3. Nc3 Bg7 4. Nf3 d6 5. g3 O-O 6. Bg2 Nbd7 7. O-O e5 8. e4 c6
9. h3 Qa5 10. Be3 exd4 11. Nxd4 Ne5 12. Qe2 Qb4 13. f4 Ned7 14. a3 Qa5 15. b4
Qc7 16. Rad1 Re8 17. g4 a5 18. Qc2 axb4 19. axb4 Ra3 20. Ra1 Rxc3 21. Qxc3 Nxe4
22. Qd3 f5 23. gxf5 Ndf6 24. Ne6 Bxe6 25. fxe6 Ng3 26. Rfe1 Nf5 27. Bf2 Nh5 28.
Ra7 Nxf4 29. Qf3 Nxe6 30. b5 Bd4 31. Bxd4 Nfxd4 32. Qe3 Ng7 33. Qxd4 Rxe1+ 34.
Kf2 Re8 35. bxc6 Qf7+ 36. Kg1 Nf5 37. Qf2 Qxc4 38. cxb7 Qc1+ 39. Kh2 Qc7 40. Ra8
d5+ 41. Kh1 Rb8 42. Rxb8+ Qxb8 43. Qb6 Ng3+ 44. Kg1 Ne2+ 45. Kf2 Nf4 46. Qc6 Kg7
47. Qd7+ Kh6 48. Qc8 Qa7+ 49. Kf3 Nd3 50. Ke2 Nf4+ 51. Kf3 Qd4 52. Kg3 Ne2+ 53.
Kf3 Ng1+ 54. Kg3 Qe3+ 55. Kh2 Ne2 56. Qc7 Qf2 57. b8=Q Qg1# 0-1

[Event "Titled Tue 10th Jun Early"]
[Site "chess.com INT"]
[Date "2025.06.10"]
[Round "9"]
[White "Osinovsky, Stepan"]
[Black "Diachek, Andrii"]
[Result "1-0"]
[WhiteTitle "FM"]
[BlackTitle "CM"]
[WhiteElo "2240"]
[BlackElo "2177"]
[WhiteFideId "4157354"]
[BlackFideId "34106499"]
[EventDate "2025.06.10"]

1. e4 c6 2. d3 d5 3. Nd2 e5 4. Ngf3 Bd6 5. g3 Nf6 6. Bg2 O-O 7. O-O Re8 8. Re1
h6 9. a4 a5 10. b3 Nbd7 11. Bb2 Qc7 12. Qe2 b6 13. h3 Ba6 14. Nh2 Nc5 15. Qf3
Ne6 16. Ng4 Nxg4 17. Qxg4 d4 18. Nc4 Bb4 19. Rf1 b5 20. Na3 Bc3 21. Ra2 Rab8 22.
Bc1 bxa4 23. bxa4 c5 24. Bxh6 c4 25. Nxc4 Bxc4 26. dxc4 Qxc4 27. Ra3 Qb4 28. Rb3
Qxa4 29. f4 g6 30. f5 Nf8 31. Bxf8 Rxf8 32. fxg6 f6 33. Qe6+ Kg7 34. Qe7+ Kxg6
35. h4 Rxb3 36. h5+ Kxh5 37. Qh7+ Kg5 38. Rf5+ Kg4 39. Qh4# 1-0

[Event "Titled Tue 10th Jun Early"]
[Site "chess.com INT"]
[Date "2025.06.10"]
[Round "9"]
[White "Jval Saurin Patel"]
[Black "Liu, Xiangyi"]
[Result "0-1"]
[WhiteTitle "FM"]
[BlackTitle "IM"]
[WhiteElo "2331"]
[BlackElo "2370"]
[WhiteFideId "25968343"]
[BlackFideId "8605718"]
[EventDate "2025.06.10"]

1. d4 Nf6 2. c4 e6 3. Nc3 Bb4 4. a3 Bxc3+ 5. bxc3 O-O 6. f3 d5 7. Bg5 h6 8. Bh4
c5 9. e3 Nc6 10. Bd3 dxc4 11. Bxc4 Qa5 12. Qd2 Nd5 13. Ne2 cxd4 14. cxd4 Nxe3
15. Qxa5 Nxa5 16. Be7 Nexc4 17. Bxf8 Kxf8 18. Kf2 Bd7 19. Rhc1 Bc6 20. Rab1 Nxa3
21. Rb4 Rd8 22. Rc3 Nb5 23. Rc5 Rd5 24. Rc2 Na3 25. Rc3 Nb5 26. Rc2 Nd6 27. Nc3
Rh5 28. h3 Nac4 29. Re2 Ra5 30. Rb1 Ra3 31. Nd1 a5 32. Ke1 b5 33. Nf2 b4 34. Ng4
Nb5 35. Rc1 Nc3 36. Rec2 Ba4 37. Rf2 Nb6 38. Ne5 Nbd5 39. Nc4 Ra2 40. Nxa5 b3
41. Nc4 Bb5 42. Nb2 Ke7 43. Rd2 Kd6 44. g3 h5 45. h4 g6 46. Rf2 Na4 47. Nd1 Rxf2
48. Nxf2 b2 49. Ne4+ Ke7 50. Rd1 Ndc3 0-1

[Event "Titled Tue 10th Jun Early"]
[Site "chess.com INT"]
[Date "2025.06.10"]
[Round "9"]
[White "Sindarov, Islombek"]
[Black "Andrejevs, Arvids"]
[Result "0-1"]
[WhiteTitle "CM"]
[BlackTitle "CM"]
[WhiteElo "2129"]
[BlackElo "2165"]
[WhiteFideId "14205475"]
[BlackFideId "11602708"]
[EventDate "2025.06.10"]

1. Nf3 d6 2. g3 g6 3. Bg2 Bg7 4. O-O Nf6 5. d3 O-O 6. e4 e5 7. Nc3 c5 8. h3 Nc6
9. Be3 Nd4 10. Kh2 Rb8 11. a4 a6 12. Qd2 b5 13. axb5 axb5 14. Ne1 b4 15. Nd1 Nh5
16. Bh6 b3 17. c3 Nc2 18. Bxg7 Kxg7 19. Nxc2 bxc2 20. Qxc2 f5 21. Ra7+ Rb7 22.
Rxb7+ Bxb7 23. exf5 Bxg2 24. Kxg2 gxf5 25. Qe2 Qg5 26. Kh1 Rf6 27. Ne3 Rh6 28.
h4 Nf6 29. Qf3 f4 30. Kg2 Qg6 31. Nc4 Rxh4 32. Ra1 Rg4 33. Ra7+ Kh6 34. Nxd6 Qh5
35. Nf7+ Kg6 36. Nh8+ Kf5 37. Ra6 Qg5 38. Qb7 Rxg3+ 39. fxg3 Qxg3+ 40. Kh1 Qe1+
41. Kh2 Ng4+ 42. Kg2 Qf2+ 0-1

[Event "Titled Tue 10th Jun Early"]
[Site "chess.com INT"]
[Date "2025.06.10"]
[Round "9"]
[White "Bold, Andre"]
[Black "Mihajlovskij, Sergei"]
[Result "1-0"]
[WhiteTitle "CM"]
[WhiteElo "2235"]
[BlackElo "2292"]
[WhiteFideId "16208471"]
[BlackFideId "13500805"]
[EventDate "2025.06.10"]

1. d4 Nf6 2. Nf3 g6 3. g3 Bg7 4. Bg2 O-O 5. O-O d6 6. c4 c5 7. Nc3 Nc6 8. d5 Na5
9. Nd2 a6 10. Rb1 Rb8 11. b3 b5 12. e4 e6 13. Re1 exd5 14. exd5 Bf5 15. Rb2 Ng4
16. Nce4 bxc4 17. h3 Ne5 18. bxc4 Nexc4 19. Nxc4 Nxc4 20. Rxb8 Qxb8 21. g4 Bd7
22. Bf1 Qb4 23. Bxc4 Qxc4 24. Nxd6 Qxa2 25. Qf3 c4 26. Bg5 Qb3 27. Qf4 f6 28.
Bh6 g5 29. Qd4 Bxh6 30. Re7 Be8 31. Nxe8 Qb1+ 32. Kg2 Qg6 33. Nd6 Bg7 34. Nf5
Rf7 35. Rxf7 Qxf7 36. Qxc4 Qd7 37. Qc6 Qa7 38. Qe6+ Kf8 39. d6 1-0

[Event "Titled Tue 10th Jun Early"]
[Site "chess.com INT"]
[Date "2025.06.10"]
[Round "9"]
[White "Henriquez Villagra, Cristobal"]
[Black "Grover, Sahaj"]
[Result "0-1"]
[WhiteTitle "GM"]
[BlackTitle "GM"]
[WhiteElo "2597"]
[BlackElo "2465"]
[WhiteFideId "3409350"]
[BlackFideId "5021103"]
[EventDate "2025.06.10"]

1. d4 Nf6 2. Nf3 g6 3. Bf4 Bg7 4. e3 O-O 5. h3 d6 6. Be2 b6 7. O-O Bb7 8. a4 a6
9. c3 Nbd7 10. Nbd2 c5 11. Bd3 e5 12. dxe5 dxe5 13. Bg5 h6 14. Bxf6 Nxf6 15. Qc2
Re8 16. e4 Nh5 17. Rfd1 Nf4 18. Bf1 Qf6 19. g3 Ne6 20. Kg2 h5 21. h4 g5 22. hxg5
Nxg5 23. Nxg5 Qxg5 24. Nf3 Qg4 25. Re1 f5 26. Bc4+ Kh8 27. Bd5 Bxd5 28. exd5 e4
29. Nh2 Qg6 30. Kh1 c4 31. Qe2 b5 32. axb5 axb5 33. Rxa8 Rxa8 34. Rd1 Bh6 35. d6
Rd8 36. d7 Qf7 37. Nf1 Kg7 38. b3 h4 39. bxc4 bxc4 40. gxh4 Rxd7 41. Rxd7 Qxd7
42. Ng3 Qd5 43. Qh5 e3+ 44. Kh2 Bf4 45. Qe2 Qd2 46. Qf3 Qxf2+ 47. Qxf2 exf2 0-1

[Event "Titled Tue 10th Jun Early"]
[Site "chess.com INT"]
[Date "2025.06.10"]
[Round "9"]
[White "Saydaliev, Saidakbar"]
[Black "Craciun, Sasha-Matei"]
[Result "0-1"]
[WhiteTitle "IM"]
[BlackTitle "FM"]
[WhiteElo "2450"]
[BlackElo "2320"]
[WhiteFideId "14203693"]
[BlackFideId "1281186"]
[EventDate "2025.06.10"]

1. Nf3 Nf6 2. c4 e6 3. g3 b6 4. Bg2 Bb7 5. O-O Be7 6. Nc3 O-O 7. Re1 d5 8. Ne5
Nbd7 9. d4 c5 10. cxd5 Nxe5 11. dxe5 Nxd5 12. Qb3 Qc7 13. Nxd5 exd5 14. Bxd5 c4
15. Qxc4 Bc5 16. Bxb7 Bxf2+ 17. Kxf2 Qxc4 18. Bxa8 Rxa8 19. Bf4 Qd4+ 20. Kf1
Qxb2 21. a4 h6 22. h4 Qb3 23. a5 b5 24. Reb1 Qd5 25. Rd1 Qh1+ 26. Kf2 Qh2+ 27.
Kf3 Qh3 28. a6 Rc8 29. Rd3 h5 30. Rad1 Qg4+ 31. Kf2 b4 32. R1d2 Qe6 33. Rd6 Qe7
34. e6 fxe6 35. Rd7 Qc5+ 36. Be3 Qf5+ 37. Kg2 Qe4+ 38. Kf2 Rf8+ 39. Bf4 e5 40.
Re7 Rxf4+ 41. gxf4 Qxf4+ 42. Ke1 Qxh4+ 43. Kd1 Qxe7 0-1

[Event "Titled Tue 10th Jun Early"]
[Site "chess.com INT"]
[Date "2025.06.10"]
[Round "9"]
[White "Golubovic, Erik"]
[Black "FAWOLE, John Oyeyemi"]
[Result "1-0"]
[WhiteTitle "CM"]
[BlackTitle "FM"]
[WhiteElo "2199"]
[BlackElo "1987"]
[WhiteFideId "14586908"]
[BlackFideId "8501319"]
[EventDate "2025.06.10"]

1. d4 d5 2. c4 Nf6 3. Nf3 c6 4. Nc3 g6 5. cxd5 cxd5 6. Bf4 a6 7. e3 Bg7 8. Be2
O-O 9. O-O Nc6 10. Rc1 Bg4 11. Na4 Ne4 12. h3 Bd7 13. Nc5 Nxc5 14. Rxc5 e6 15.
Qb3 b6 16. Rc2 b5 17. Rfc1 Rc8 18. Qa3 Qb6 19. b3 Rfe8 20. Qc5 Qb7 21. Qa3 Bf8
22. Qb2 Nb4 23. Rxc8 Rxc8 24. a3 Rxc1+ 25. Qxc1 Nc6 26. Ne1 f6 27. Nd3 Kf7 28.
Nc5 Bxc5 29. dxc5 e5 30. Bg3 Bf5 31. Qd2 Be6 32. b4 Qc7 33. a4 Qb7 34. axb5 axb5
35. Qb2 d4 36. exd4 Nxd4 37. Bd1 Qd5 38. f3 Qc4 39. Bf2 Qd3 40. Qa1 Bc4 41. Kh2
Nf5 42. Qa7+ Ke6 43. Qa6+ 1-0

[Event "Titled Tue 10th Jun Early"]
[Site "chess.com INT"]
[Date "2025.06.10"]
[Round "9"]
[White "Ser, Daniel"]
[Black "Papaioannou, Dimitrios"]
[Result "0-1"]
[WhiteTitle "CM"]
[BlackTitle "CM"]
[WhiteElo "2005"]
[BlackElo "2206"]
[WhiteFideId "12829404"]
[BlackFideId "25865137"]
[EventDate "2025.06.10"]

1. d4 Nf6 2. Bf4 d5 3. e3 e6 4. Nf3 Bd6 5. Nbd2 O-O 6. Bg3 c5 7. c3 Qc7 8. Ne5
Nbd7 9. f4 c4 10. Bh4 b5 11. Be2 b4 12. Bf3 Rb8 13. O-O Bb7 14. Qe2 Ba8 15. Rab1
Rb6 16. Bxf6 Nxf6 17. e4 Rfb8 18. exd5 exd5 19. h3 h6 20. Kh2 Ra6 21. Ra1 bxc3
22. bxc3 Rb2 23. Rfb1 Raxa2 24. Rxa2 Rxa2 25. g3 Rc2 26. Bg2 Rxc3 27. Ndxc4 Ne4
28. Nxd6 Nxd6 29. Qb2 Bb7 30. Nxf7 Kxf7 31. Qxb7 Nxb7 32. Bxd5+ Kf6 33. Rxb7
Rc2+ 34. Kh1 Rc1+ 35. Kh2 Qc2+ 36. Bg2 Qc4 37. Rxa7 Rc2 38. Rb7 Rxg2+ 39. Kxg2
Qd5+ 40. Kh2 Qxb7 41. h4 Qb2+ 42. Kh3 Kf5 43. h5 Qe2 44. d5 Qxh5+ 45. Kg2 Qe2+
46. Kh3 Qe4 47. d6 Qh1# 0-1

[Event "Titled Tue 10th Jun Early"]
[Site "chess.com INT"]
[Date "2025.06.10"]
[Round "9"]
[White "Cherepov, Alexej"]
[Black "El Zein, Zayne-Eddine"]
[Result "1-0"]
[WhiteTitle "CM"]
[BlackTitle "CM"]
[WhiteElo "2083"]
[BlackElo "2194"]
[WhiteFideId "13503650"]
[BlackFideId "5313210"]
[EventDate "2025.06.10"]

1. d4 d6 2. e4 Nf6 3. Nc3 e5 4. Nf3 Nbd7 5. Bc4 Be7 6. O-O O-O 7. Re1 c6 8. a4
a5 9. h3 exd4 10. Nxd4 Nc5 11. Bg5 Be6 12. Nxe6 Nxe6 13. Be3 Re8 14. Qd2 Bf8 15.
Rad1 Nc5 16. Bxc5 dxc5 17. Qxd8 Raxd8 18. Rxd8 Rxd8 19. e5 Re8 20. Kf1 Nh5 21.
g3 g6 22. e6 fxe6 23. Rxe6 Rxe6 24. Bxe6+ Kh8 25. Bc8 b6 26. Bd7 Bg7 27. Bxc6
Bxc3 28. bxc3 Kg7 29. Ke2 Kf6 30. Ke3 Ke5 31. Bg2 g5 32. Be4 h6 33. Bg6 Nf6 34.
f4+ gxf4+ 35. gxf4+ Ke6 36. c4 Ng8 37. Be4 Ne7 38. c3 Nc8 39. Bd5+ Kf5 40. Kf3
Nd6 41. Bg8 h5 42. Bh7+ Kf6 43. h4 Nxc4 44. Bd3 Nd6 45. Ke3 Ne8 46. Be2 Kg6 47.
Ke4 Nf6+ 48. Ke5 Nd7+ 49. Ke6 Nf6 50. f5+ Kg7 51. Kd6 Ne4+ 52. Ke7 Nf6 53. Bf3
Nh7 54. Kd6 Nf6 55. Kc6 Ng8 56. Kxb6 Kf6 57. Bxh5 Kxf5 58. Kxa5 Nf6 59. Bf3 Kf4
60. Bg2 Kg3 61. Bc6 Kxh4 62. Kb6 Kg4 63. a5 Kf4 64. a6 Ne8 65. Bxe8 1-0

[Event "Titled Tue 10th Jun Early"]
[Site "chess.com INT"]
[Date "2025.06.10"]
[Round "9"]
[White "Hury, Tymoteusz"]
[Black "Sarveshwaran V"]
[Result "1-0"]
[WhiteTitle "CM"]
[BlackTitle "CM"]
[WhiteElo "2115"]
[BlackElo "2290"]
[WhiteFideId "21839328"]
[BlackFideId "25699016"]
[EventDate "2025.06.10"]

1. e4 e6 2. d4 d5 3. exd5 exd5 4. Bd3 Bd6 5. Nf3 Nc6 6. O-O Nge7 7. h3 Be6 8. c3
h6 9. b4 Qd7 10. a4 O-O-O 11. Re1 g5 12. Ne5 Nxe5 13. dxe5 Bxe5 14. Rxe5 g4 15.
h4 g3 16. fxg3 Rhg8 17. Bf4 d4 18. c4 Nc6 19. Qe1 Nxe5 20. Qxe5 Rge8 21. Qc5 b6
22. Qb5 Qe7 23. Nd2 Kb7 24. c5 Bd5 25. Nc4 Ka8 26. a5 Qd7 27. Qxd7 Rxd7 28. axb6
Bxc4 29. Rxa7+ Kb8 30. Bxc4 d3 31. Bxc7+ Rxc7 32. Rxc7 d2 33. Bb3 Re1+ 34. Kf2
Rb1 35. Ba4 Ra1 36. Rd7 Rxa4 37. Rxd2 Rxb4 38. Rd8+ Kb7 39. Rd7+ Kc6 40. Rc7+
Kd5 41. b7 f5 42. c6 1-0

[Event "Titled Tue 10th Jun Early"]
[Site "chess.com INT"]
[Date "2025.06.10"]
[Round "9"]
[White "Manzone, Alessandro"]
[Black "Guerrero Cataldo, Juan Andres"]
[Result "0-1"]
[WhiteTitle "FM"]
[BlackTitle "CM"]
[WhiteElo "2397"]
[BlackElo "2082"]
[WhiteFideId "112488"]
[BlackFideId "3421260"]
[EventDate "2025.06.10"]

1. d4 Nf6 2. c4 g6 3. Nf3 Bg7 4. g3 O-O 5. Bg2 d6 6. O-O Nc6 7. Nc3 Bf5 8. d5
Na5 9. Nd4 Bd7 10. Qd3 c5 11. Nc2 a6 12. Bd2 Rb8 13. b3 b5 14. Rab1 bxc4 15.
bxc4 Rxb1 16. Rxb1 e6 17. dxe6 Bxe6 18. Nd5 Nd7 19. Nce3 Ne5 20. Qc2 Nac6 21.
Qa4 Nd4 22. Ba5 Qd7 23. Qxd7 Bxd7 24. f4 Nec6 25. Bd2 Nxe2+ 26. Kf2 Ned4 27. Rb7
Be6 28. Rb6 Rb8 29. Ne7+ Kf8 30. Rxb8+ Nxb8 31. N7d5 Nbc6 32. Nc7 Bc8 33. Ned5
Nf5 34. Nb6 Bb7 35. g4 Bd4+ 36. Ke2 Nfe7 37. Be4 f5 38. gxf5 gxf5 39. Bf3 Bf6
40. Nd7+ Kf7 41. Nxf6 Kxf6 42. Bc3+ Kf7 43. Ke3 a5 44. a4 Bc8 45. Nb5 Ke6 46.
Bb2 Kd7 47. Nc7 Kxc7 0-1

[Event "Titled Tue 10th Jun Early"]
[Site "chess.com INT"]
[Date "2025.06.10"]
[Round "9"]
[White "Lazaro Azcutia, Miguel"]
[Black "Dumanuly, Sultanbeibarys"]
[Result "0-1"]
[WhiteTitle "CM"]
[BlackTitle "FM"]
[WhiteElo "2275"]
[BlackElo "2212"]
[WhiteFideId "54538254"]
[BlackFideId "13731963"]
[EventDate "2025.06.10"]

1. e4 g6 2. d4 Bg7 3. Nf3 c6 4. Nc3 d5 5. h3 dxe4 6. Nxe4 Nf6 7. Nxf6+ exf6 8.
Bd3 O-O 9. O-O f5 10. c3 Nd7 11. Bf4 Nf6 12. Re1 h6 13. Qc1 Kh7 14. Be5 Be6 15.
c4 Re8 16. Qc3 Rc8 17. Rad1 b5 18. b3 a5 19. Qa1 a4 20. d5 cxd5 21. cxd5 Bxd5
22. Bxb5 Re6 23. Bc4 Rxe5 24. Nxe5 Qa5 25. Qc1 axb3 26. axb3 Bxc4 27. Nxc4 Qb4
28. Qc2 Nd5 29. Rd3 Qxe1+ 30. Kh2 Be5+ 31. g3 Nf6 32. Qd2 Qxd2 33. Rxd2 Ne4 34.
Rd7 Bg7 35. Rxf7 Nxf2 36. Nd6 Rc2 37. Ne8 Ne4+ 38. Kg1 Rc8 39. Rxg7+ Kh8 40. Re7
Nxg3 41. Re6 Ne4 0-1

[Event "Titled Tue 10th Jun Early"]
[Site "chess.com INT"]
[Date "2025.06.10"]
[Round "9"]
[White "Daspres, Loic"]
[Black "Wieczorek, Zbigniew"]
[Result "1-0"]
[WhiteTitle "CM"]
[BlackTitle "FM"]
[WhiteElo "2207"]
[BlackElo "2105"]
[WhiteFideId "20612281"]
[BlackFideId "1102001"]
[EventDate "2025.06.10"]

1. e4 g6 2. d4 Bg7 3. Nc3 c6 4. f4 d5 5. e5 Nh6 6. Be2 f6 7. Be3 O-O 8. Nf3 Bg4
9. O-O Nd7 10. h3 Nf5 11. Bf2 Bxf3 12. Bxf3 fxe5 13. dxe5 e6 14. Qe1 g5 15. g4
Nh4 16. Bxh4 gxh4 17. Qd2 Rf7 18. g5 Qf8 19. Bg4 Re8 20. Ne2 Qc5+ 21. Kg2 Rfe7
22. c3 Nb6 23. b3 Qa5 24. Nd4 c5 25. Nf3 d4 26. cxd4 Qxd2+ 27. Nxd2 cxd4 28. Nf3
Nd5 29. Nxd4 Ne3+ 30. Kf3 Nxf1 31. Rxf1 Kf7 32. Ke4 Rd8 33. f5 exf5+ 34. Rxf5+
Kg8 35. g6 hxg6 36. Rg5 Kh7 37. Nf3 Kh6 38. e6 1-0

[Event "Titled Tue 10th Jun Early"]
[Site "chess.com INT"]
[Date "2025.06.10"]
[Round "9"]
[White "Liu, Jason"]
[Black "Biazliudau, Stanislau"]
[Result "0-1"]
[WhiteTitle "CM"]
[BlackTitle "CM"]
[WhiteElo "2125"]
[BlackElo "2150"]
[WhiteFideId "2514656"]
[BlackFideId "13508733"]
[EventDate "2025.06.10"]

1. e4 e6 2. Nc3 d5 3. Nf3 Nf6 4. e5 Nfd7 5. d4 c5 6. Bg5 Qa5 7. dxc5 Nc6 8. Bf4
Bxc5 9. Bd3 Bb4 10. O-O Bxc3 11. bxc3 Qxc3 12. Rb1 h6 13. Bb5 a6 14. Bd2 Qc5 15.
Bxc6 Qxc6 16. Bb4 b5 17. Nd4 Qc4 18. Bd6 Bb7 19. Qg4 g6 20. Rb4 Qc3 21. Nxe6
fxe6 22. Qxe6+ Kd8 23. Rf4 Re8 24. Qxg6 Bc6 25. e6 Nc5 26. e7+ Kd7 27. Rf3 Qc4
28. Rf6 Qe4 29. Qxh6 d4 30. f3 Qd5 31. Qh3+ Ne6 32. Ba3 a5 33. Re1 b4 34. Rfxe6
Kc7 35. Bc1 Kb7 36. Bf4 Qxa2 37. Qh6 Qc4 38. Rd6 a4 39. Qf6 a3 40. Qf5 a2 0-1

[Event "Titled Tue 10th Jun Early"]
[Site "chess.com INT"]
[Date "2025.06.10"]
[Round "9"]
[White "Jimenez Fernandez, Rebeca"]
[Black "Carrasco Miranda, Andres"]
[Result "1/2-1/2"]
[WhiteTitle "WFM"]
[BlackTitle "CM"]
[WhiteElo "2154"]
[BlackElo "2211"]
[WhiteFideId "32070934"]
[BlackFideId "3405990"]
[EventDate "2025.06.10"]

1. e4 e5 2. Nf3 Nc6 3. Bc4 Bc5 4. c3 Nf6 5. d4 exd4 6. e5 d5 7. Bb5 Ne4 8. cxd4
Bb6 9. Nc3 Bg4 10. Be3 O-O 11. h3 Bh5 12. Qc2 Bg6 13. Qb3 Ne7 14. O-O c6 15. Bd3
Nxc3 16. Qxc3 f5 17. exf6 Rxf6 18. Ne5 Bxd3 19. Qxd3 h6 20. b4 Nf5 21. a4 Bc7
22. Ng4 Rf7 23. b5 Qh4 24. bxc6 bxc6 25. Rac1 h5 26. Ne5 Bxe5 27. dxe5 Re8 28.
Rxc6 Rxe5 29. Rc8+ Kh7 30. Rfc1 Qe4 31. Qxe4 Rxe4 32. a5 Nxe3 33. fxe3 Rxe3 34.
R1c7 Ree7 35. Rxe7 Rxe7 36. Rd8 Re5 37. Rd7 a6 38. Rd6 d4 39. Rxa6 Rd5 40. Kf2
d3 41. Ke1 g6 42. Kd2 Kh6 43. Ra8 Kg5 44. a6 Ra5 45. a7 Kh4 46. Kxd3 g5 47. Ke3
Ra3+ 48. Ke4 Ra4+ 49. Kd5 Ra5+ 50. Kc6 Ra2 51. Kb6 Rb2+ 52. Kc6 Ra2 53. Kb6 Rb2+
54. Kc6 Rc2+ 55. Kb6 Rb2+ 1/2-1/2

[Event "Titled Tue 10th Jun Early"]
[Site "chess.com INT"]
[Date "2025.06.10"]
[Round "9"]
[White "Arun, Siddharth"]
[Black "Kozlov, Oleg"]
[Result "0-1"]
[BlackTitle "IM"]
[WhiteElo "1978"]
[BlackElo "2253"]
[WhiteFideId "2079178"]
[BlackFideId "4104544"]
[EventDate "2025.06.10"]

1. d4 Nf6 2. Nc3 d5 3. Bf4 a6 4. e3 c5 5. dxc5 Nc6 6. a3 e5 7. Bg5 Be6 8. b4 Be7
9. Nf3 O-O 10. Be2 h6 11. Bh4 Qd7 12. Bg3 d4 13. exd4 exd4 14. Na4 Rad8 15. Nb6
Qe8 16. O-O Nd5 17. Nxd5 Bxd5 18. Bd3 a5 19. Rb1 Qd7 20. Bb5 Bf6 21. Bd3 Rfe8
22. Nd2 axb4 23. axb4 g6 24. Nc4 Qe6 25. Nb6 Ba2 26. Rb2 Ne5 27. Bxe5 Bxe5 28.
f4 Bc7 29. Qf3 Bxb6 30. cxb6 Bd5 31. Qg3 Qxb6 32. f5 Re3 33. Qg4 Kg7 34. fxg6
fxg6 35. Bxg6 Qxg6 36. Qxd4+ Kh7 37. Rf7+ Bxf7 38. Qxe3 Rd1+ 39. Kf2 Qf6+ 40.
Qf3 Qd4+ 41. Kg3 Qxb2 42. Qxd1 Qe5+ 43. Kf2 Qf4+ 44. Qf3 Qd4+ 45. Kg3 Qe5+ 46.
Qf4 Qc3+ 47. Qf3 Qc7+ 48. Qf4 Qd7 49. c4 Qd3+ 50. Qf3 Qxc4 51. Qxb7 Qc3+ 52. Qf3
Qe5+ 53. Qf4 Qg7+ 54. Kf2 Qb2+ 55. Kg3 Qg7+ 56. Qg4 Qe5+ 57. Qf4 Qe6 58. b5 Bg6
59. Qc7+ Kg8 60. b6 Qe3+ 61. Kh4 Qg5+ 62. Kh3 Bf5+ 63. g4 Qxg4# 0-1